000 01052nam a22003497a 4500
001 063
003 DO-SdBNP
005 20180219135817.0
007 063
008 151005b 1991 sp a 00| 0 spa d
020 _a843488218
040 _aBPMSU
_bspa
_cBPMSU
092 _aXXXX
_bXXXX
100 1 _aPerol, Huguette
240 1 0 _aLa jungle de l´or maudit /
_f1980
_lfre
245 1 0 _aLa jungla del oro maldito /
_cHuguette Perol ; ilustraciones A. Albarrán, A. Perera ; traducción Manuel Barbadillo ; colección dirigida por Marinella Terzi
250 _a12a. ed.
260 _aMadrid :
_bEdiciones SM,
_c1991.
300 _a168 p. :
_bil. ;
_c19 cm.
490 1 _aEl barco de vapor
_v3
521 1 _aA partir de los 12 años
700 1 2 _aTerzi, Marinella
_edir.
700 1 2 _aAlbarrán, A.
_eil.
700 1 2 _aPerera, A.
_eil.
700 1 2 _aBarbadillo, Manuel
_etrad.
830 0 _aBarco de vapor
_n3
_gRoja
830 0 _aRoja
910 _a202
942 _2ddc
_cBK
945 _aInventariado, 2018/ YL
956 _aYLOCKWARD
_b10
_cBPMSU
999 _c8471
_d8471